Movies Quiz

Random Movies or Box Office Quiz

Billion Dollar Animated Movies Quiz Stats

Quiz Updated Mar 16, 2017

Challenge
Share
Tweet
Embed
Score 0/6 Timer 01:00
0 Plays Today
Year Animated Movie % Correct
2010Toy Story 3
73.9%
2013Frozen
72.3%
2016Finding Dory
52.1%
2016Zootopia
45.9%
2017Despicable Me 3
27.2%
2015Minions
24.2%

You're not logged in!

Compare scores with friends on all Sporcle quizzes.
Sign Up with Email
OR
Log In

You Might Also Like...

Show Comments

Extras

Top Quizzes Today


Score Distribution

Your Account Isn't Verified!

In order to create a playlist on Sporcle, you need to verify the email address you used during registration. Go to your Sporcle Settings to finish the process.